Normal view
MARC view
- Gray, Richard J
Entry Personal Name
001 - CONTROL NUMBER
- control field: 35539
003 - CONTROL NUMBER IDENTIFIER
- control field: NUST
005 - DATE AND TIME OF LATEST TRANSACTION
- control field: 20201229093756.0
008 - FIXED-LENGTH DATA ELEMENTS
- fixed length control field: 201229|| aca||aabn | a|a d
040 ## - CATALOGING SOURCE
- Original cataloging agency: NUST
- Transcribing agency: NUST
100 ## - HEADING--PERSONAL NAME
- Personal name: Gray, Richard J
670 ## - SOURCE DATA FOUND
- Source citation: Work cat.: (NUST)3549: Gray, Richard J., After the fall, c2011.
